Providing for consideration of H.R. 2, Jobs and Growth Reconciliation Tax Act of 2003 : report (to accompany H. Res. 227).

Bibliographic Details
Corporate Author: United States. Congress. House. Committee on Rules
Format: Government Document Book
Language:English
Published: [Washington, D.C.] : [U.S. G.P.O.], [2003]
Series:Report / 108th Congress, 1st session, House of Representatives ; 108-95
Subjects:
Online Access:Text version:
PDF version:

MARC

Tag First Indicator Second Indicator Subfields
LEADER 00000cam a2200000 a 4500
001 in00001745813
005 20220106093616.0
008 030605s2003 dcu f000 0 eng c
035 |a (OCoLC)ocm52414726 
040 |a GPO  |c GPO  |d MvI  |d UtOrBLW 
042 |a pcc 
043 |a n-us--- 
049 |a UDOC  |a WWW 
074 |a 1008-C 
074 |a 1008-C (online) 
074 |a 1008-D (MF) 
074 |a 1008-D (online) 
086 0 |a Y 1.1/8:108-95 
110 1 |a United States.  |b Congress.  |b House.  |b Committee on Rules. 
245 1 0 |a Providing for consideration of H.R. 2, Jobs and Growth Reconciliation Tax Act of 2003 :  |b report (to accompany H. Res. 227). 
246 3 |a Providing for consideration of HR 2, Jobs and Growth Reconciliation Tax Act of 2003 
246 3 0 |a Jobs and Growth Reconciliation Tax Act of 2003 
264 1 |a [Washington, D.C.] :  |b [U.S. G.P.O.],  |c [2003] 
300 |a 4 pages ;  |c 24 cm. 
336 |a text  |b txt  |2 rdacontent 
337 |a unmediated  |b n  |2 rdamedia 
338 |a volume  |b nc  |2 rdacarrier 
490 1 |a Report / 108th Congress, 1st session, House of Representatives ;  |v 108-95 
500 |a Caption title. 
500 |a Distributed to some depository libraries in microfiche. 
500 |a "May 8, 2003." 
500 |a Shipping list number: 2003-0202-P. 
500 |a Shipping List Date: 06/02/2003 
530 |a Also available via Internet from the GPO Access web site. Addresses as of 6/11/03: http://frwebgate.access.gpo.gov/cgi-bin/getdoc.cgi?dbname=108%5Fcong%5Freports&docid=f:hr095.108 (text version), http://frwebgate.access.gpo.gov/cgi-bin/getdoc.cgi?dbname=108%5Fcong%5Freports&docid=f:hr095.108.pdf (PDF version); current access is available via PURLs. 
650 0 |a Income tax  |x Law and legislation  |z United States. 
650 0 |a Tax incentives  |x Law and legislation  |z United States. 
650 0 |a Tax credits  |x Law and legislation  |z United States. 
810 1 |a United States.  |b Congress.  |b House.  |t Report ;  |v 108-95. 
856 4 1 |3 Text version:  |u https://purl.fdlp.gov/GPO/LPS31958  |t 0 
856 4 1 |3 PDF version:  |u https://purl.fdlp.gov/GPO/LPS31959  |t 0 
999 |a MARS 
999 f f |s b2dd3b55-3d3b-3943-942b-670e54d744d3  |i d6c764c6-7e56-3953-8d6d-98255a3afcf0  |t 0 
952 f f |a Texas A&M University  |b College Station  |c Electronic Resources  |d Available Online  |t 0  |e Y 1.1/8:108-95  |h Superintendent of Documents classification 
998 f f |a Y 1.1/8:108-95  |t 0  |l Available Online